00630nam a2200193Ia 4500008004100000020001800041082001400059100002300073245004300096250000700139260003100146300002400177500001900201600003300220650002800253942000700281952013100288999001700419240925s9999 xx 000 0 und d a9780230415911 a428.2 ZEM aZemach, Dorothy E. 0aWriting Sentence: the basic of writing aNA aCalifornia:bMacmillancNA a300p.bNAfOriginal aIncludes Index aHumanities & Natural Science aEnglish and Old English cBK 001040708HUMaUITUbUITUd2018-07-12eShahid Book Centerg440.00l0o428.2 ZEMpQ12453r2024-09-25 07:16:29w2024-09-25yBK c14952d14952